[Event "ROM-ch U10"]
[Site "Baile Felix"]
[Date "2017.02.07"]
[Round "7"]
[White "Maris, Andrei Ionut"]
[Black "Moraru, Angelo Alin"]
[Result "1-0"]
[WhiteElo "1046"]
[BlackElo "1023"]
[PlyCount "81"]
[EventDate "2017.02.02"]
[EventType "swiss"]
[EventRounds "9"]
[EventCountry "ROU"]
[SourceTitle "CBM 176 Extra"]
[Source "ChessBase"]
[SourceDate "2017.03.02"]
[SourceVersion "1"]
[SourceVersionDate "2017.03.02"]
[SourceQuality "1"]

1. e4 e5 2. Nf3 Nc6 3. d4 f6 4. d5 Nb8 5. Bc4 Bc5 6. 0-0 Nh6 7. Bxh6 gxh6 8. Qd2 Bf8 9. Nh4 f5 10. Nxf5 d6 11. Nxh6 Bd7 12. Be2 Qh4 13. Nf5 Qf6 14. Bg4 Na6 15. Bh5+ Kd8 16. Bg4 h5 17. Bh3 Nc5 18. Qe3 Rg8 19. g3 Rg6 20. Nc3 Ke8 21. b4 a5 22. bxc5 dxc5 23. Qf3 Qg5 24. Qe3 Qf6 25. d6 cxd6 26. Nd5 Qf7 27. Nc7+ Kd8 28. Nxa8 Qf6 29. Nb6 Bb5 30. Nd5 Qf7 31. Rfd1 Bc4 32. a3 Bb5 33. Qf3 c4 34. Nc3 Bc6 35. a4 Bd7 36. Qxh5 Rxg3+ 37. Nxg3 Qg7 38. Qh4+ Be7 39. Qh5 Be8 40. Qf5 Bd7 41. Qxd7# 1-0

[Event "ROM-ch U10"]
[Site "Baile Felix"]
[Date "2017.02.04"]
[Round "3"]
[White "Moraru, Angelo Alin"]
[Black "Robu, Calin Damian"]
[Result "1-0"]
[WhiteElo "1023"]
[BlackElo "1151"]
[PlyCount "61"]
[EventDate "2017.02.02"]
[EventType "swiss"]
[EventRounds "9"]
[EventCountry "ROU"]
[SourceTitle "CBM 176 Extra"]
[Source "ChessBase"]
[SourceDate "2017.03.02"]
[SourceVersion "1"]
[SourceVersionDate "2017.03.02"]
[SourceQuality "1"]

1. e4 e6 2. d4 d5 3. e5 c5 4. Nf3 Nc6 5. Bd3 cxd4 6. 0-0 a6 7. Bg5 f6 8. Bf4 Qc7 9. Qd2 fxe5 10. Bg5 e4 11. Be2 exf3 12. Bxf3 Qb6 13. b3 Bb4 14. Qf4 Bc3 15. Nxc3 dxc3 16. Rfe1 Nd4 17. Rac1 h6 18. Bh5+ Kd7 19. Qf7+ Kd6 20. Qf8+ Kc6 21. Be8+ Bd7 22. Bf4 Qc5 23. Bxd7+ Kb6 24. Qxa8 Qe7 25. Rcd1 g5 26. Be5 Nxc2 27. Bd4+ Nxd4 28. Rxd4 Qg7 29. Rb4+ Kc7 30. Qc8+ Kd6 31. Rxe6# 1-0